000
00278nam a2200109Ia 4500
001
587434
005
20250717113816.0
008
250717s9999 xx 000 0 und d
245
0
_a
X-5 ŞU ACAYİP KEDİLER
_c
TARIK USLU
260
_b
UĞUR BÖCEĞİ YAYINLARI
_c
2017
300
_b
18
999
_c
587434
_d
587434